Normal view
MARC view
- Marcelo, Elizabeth.
Entry Personal Name
001 - CONTROL NUMBER
- control field: 46730
003 - CONTROL NUMBER IDENTIFIER
- control field: OSt
005 - DATE AND TIME OF LATEST TRANSACTION
- control field: 20221108154236.0
008 - FIXED-LENGTH DATA ELEMENTS
- fixed length control field: 221108|| aca||aabn | a|a d
040 ## - CATALOGING SOURCE
- Original cataloging agency: OSt
- Transcribing agency: OSt
100 ## - HEADING--PERSONAL NAME
- Personal name: Marcelo, Elizabeth.
670 ## - SOURCE DATA FOUND
- Source citation: Work cat.: (OSt): Marcelo, Elizabeth., Sandigan junks ex-mayor's appeal to reinvestigate raps /, February 3, 2020.
